000 00595nam a22002177a 4500
005 20170124110147.0
010 _aA-953299
020 _c80.00
035 _aA-953299
037 _bCen Lib/Ret
040 _aDPL
_bEN
082 _a181.41
_bBHA
100 _aBhartihari
_933615
245 _aNiti shatakam /
_cby Bhartihari
260 _aMumbai
_bBhartiya Vidya Bhawan
_c1996
270 _bMumbai
_akulpati munshi marg
_e400007
300 _axx, 60p.
_c19cm(Hb)
650 _aPhilosophy
_933616
650 _aNiti shatakam
_933617
942 _2ddc
_cEN
_h181.41
_mBHA
999 _c132068
_d132068